00342pab a2200133 454500008004000000100001800040245004600058260000900104300001100113362000900124650003600133700001900169773002000188180718b1986 xxu||||| |||| 00| 0 eng d aMeagher, G.A. aAnalyzing income disribution in Australia c1986 a427-41 aDec. aIncome Distribution - Australia aPeter B. Dixon aEconomic Record